000 00454nam a2200193Ia 4500
008 151121s9999||||xx |||||||||||||| ||und||
082 _a360/
082 _bHNW-63658
100 _aPublisher
245 _aTowards a welfare state
260 _bGovt। Of Bombay।
260 _c--
300 _a165
600 _aPublisher
630 _aTowards a welfare state
700 _aPublisher
730 _aTowards a welfare state
942 _cBOOK
999 _c1245189
_d1245186